Οι σωτήρες
Αποθηκεύτηκε σε:
| Κύριος συγγραφέας: | |
|---|---|
| Μορφή: | Βιβλίο |
| Γλώσσα: | Greek |
| Δημοσίευση: |
Αλεξάνδρεια :
[χ.ό.],
1929
|
| Θέματα: | |
| Ετικέτες: |
Προσθήκη ετικέτας
Δεν υπάρχουν, Καταχωρήστε ετικέτα πρώτοι!
|
MARC
| LEADER | 00000cam a2200000 i 4500 | ||
|---|---|---|---|
| 001 | 1/92453 | ||
| 008 | 080827s1929 gre d | ||
| 035 | |l 10099634 | ||
| 040 | |a GR-MY-UA |b gre |e aacr | ||
| 041 | 0 | |a gre | |
| 082 | 0 | |a 889.332 |2 (22) | |
| 100 | 1 | |a Πιερίδης, Γιάγκος, |d 1897-1970. | |
| 245 | 1 | 3 | |a Οι σωτήρες / |c Γ. Πιερίδη |
| 260 | |a Αλεξάνδρεια : |b [χ.ό.], |c 1929 | ||
| 300 | |a 147 σ.; |c 19 εκ. | ||
| 650 | 0 | 0 | |a Greek literature, Modern |y 20th century. |
| 650 | 0 | 0 | |a Greek fiction, Modern |y 20th century. |
| 852 | |a INST |b RHODES |c AKA |e 20080827 |h 889.332 ΠΙΕ |p 005400027435 |q 005400027435 |t BK |y 0 | ||
| 901 | |a BIBL4-2008-2 | ||
| 909 | |a Ρ |b 152768 | ||
| 970 | |a ΧΑΡΙΟΠΟΛΙΤΟΥ |b ΚΩΝΣΤΑΝΤΙΝΑ |z 2008/08/27 | ||